000
00364nam a2200169 4500
008
190521s1965||||CZ d
100
1
_a
Knobloch Ferdinand
_9
1104
245
1
0
_a
SoudnĂ psychiatrie
260
_c
1965
_b
Orbis
_a
Praha
300
_a
410s.
250
_a
2.vydanie
020
_c
0
041
1
_a
cze
044
_a
CZ
958
_a
APR
958
_a
A
999
_c
22398
_d
22398